000 00450nam a2200157 i 4500
001 150615
003 ES-MaACL
005 20230906203611.0
007 t|
008 071031s1971 xxu ||||1| spa d
100 1 _aValenzuela, Víctor M.
_9112624
245 1 0 _aContemporary latin american writers /
_cVictor M. Valenzuela.
260 _aNew York :
_bLas Américas,
_c[1971]
300 _a110 p. ;
_c19 cm.
852 _aES-MaACL
_jC-45872
_bR.79427
999 _c150615
_d150615